La question / Henri Alleg . Une victoire / Jean-Paul Sartre (Registo nº 200747)
[ vista simples ]
| 000 -Etiqueta do registo | |
|---|---|
| Valores | 00642nam 22001933 4500 |
| 100 ## - Dados gerais de processamento | |
| Dados gerais | 20260225d u||y0pory50 ba |
| 200 ## - Titulo e menção de responsabilidade | |
| Título próprio | La question / Henri Alleg . Une victoire / Jean-Paul Sartre |
| 210 ## - Publicação | |
| Local de publicação | [S.l.] |
| Nome do editor | Jean-Jacques Pauvert |
| Data de publicação | imp.1965 |
| 215 ## - Descrição física | |
| Paginação / Volumes | 121, [4] p. |
| Outras indicações físicas | brochado |
| Dimensões | 18 cm |
| 225 ## - Colecção | |
| Título próprio da colecção | Libertés |
| Menção de responsabilidade | dirigée par Jean-François |
| Indicação de volume | 31 |
| 606 ## - Nome comum usado como assunto | |
| ID Autoridade | 16501 |
| Palavra de ordem | Literatura argelina em língua francesa |
| 675 ## - CDU | |
| Notação | 821.133.1(65)-94"19" |
| Edição | FR |
| Língua | fre |
| 700 ## - Autor principal (pessoa individual) | |
| ID Autoridade | 16503 |
| Apelido | Alleg |
| Nome | Henri |
| Datas | 1921-2013 |
| 701 ## - Co-autor principal (pessoa individual) | |
| ID Autoridade | 2265 |
| Apelido | Sartre |
| Nome | Jean-Paul |
| Datas | 1905-1980 |
| 801 ## - Fonte de origem | |
| País | PT |
| Agência | BMMN |
| Regras de catalogação | RPC |
| 830 ## - Notas gerais do catalogador | |
| Criado por | Ana |
| Indexado por | Ana |
| 990 ## - Elementos KOHA | |
| Tipo de documento | Livro |
| Situação do levantamento | Biblioteca de origem | Código de barras | Cota | Permissão de empréstimo | Tipo de documento | Nota relativa ao exemplar | Forma de aquisição |
|---|---|---|---|---|---|---|---|
| Biblioteca Municipal de Montemor-o-Novo | 29981 | 821.133.1(65)-94 ALL|SAF | Livro | Acesso condicionado | Oferta |